Podpora rozvoje dětí v mateřské škole / Sybille Schmitz ; z německého originálu Ich sehe dich und verstehe, was du brauchst ... přeložila Kateřina Prešlová
Record details
- ISBN: 978-80-262-2064-0
- Physical Description: 157 stran : ilustrace ; 23 cm
- Edition: Vydání první
- Publisher: Praha : Portál, 2023
Content descriptions
| Bibliography, etc. Note: | Obsahuje bibliografii |
Search for related items by subject
| Subject: | výchova dítěte vývoj dítěte pedagogická psychologie mateřské školy child rearing child development educational psychology kindergartens |
| Genre: | populárně-naučné publikace popular works |
Available copies
- 0 of 1 copy available at Common Catalog SPOK.
Holds
- 0 current holds with 1 total copy.
Show Only Available Copies
| Location | Call Number / Copy Notes | Barcode | Shelving Location | Status | Due Date |
|---|---|---|---|---|---|
| Jabok Library | Ped-3.5.1 /S | 424480045098 | Odborná literatura | Checked out | 08.09.2025 |
| LDR | 01793nam a2200493 i 4500 | ||
|---|---|---|---|
| 001 | 56563 | ||
| 003 | CZ-PrJAB | ||
| 005 | 20231103090934.0 | ||
| 007 | ta | ||
| 008 | 230828s2023 xr a e f 000 0 cze | ||
| 015 | . | ‡acnb003533079 | |
| 020 | . | ‡a978-80-262-2064-0 ‡q(brožováno) | |
| 035 | . | ‡a(CZ PrNK)nkc20233533079 | |
| 040 | . | ‡aABA001 ‡bcze ‡dOLA001 ‡erda | |
| 041 | 1 | . | ‡acze ‡hger |
| 072 | 7. | ‡a373.2/.3 ‡xPředškolní a primární výchova a vzdělávání ‡2Konspekt ‡922 | |
| 080 | . | ‡a37.015.311-053.2 ‡2MRF | |
| 080 | . | ‡a159.922.72 ‡2MRF | |
| 080 | . | ‡a37.015.3 ‡2MRF | |
| 080 | . | ‡a373.24 ‡2MRF | |
| 080 | . | ‡a(0.062) ‡2MRF | |
| 100 | 1 | . | ‡aSchmitz, Sybille ‡7xx0307948 ‡4aut |
| 240 | 1 | 0. | ‡aIch sehe dich und verstehe, was du brauchst. ‡lČesky |
| 245 | 1 | 0. | ‡aPodpora rozvoje dětí v mateřské škole / ‡cSybille Schmitz ; z německého originálu Ich sehe dich und verstehe, was du brauchst ... přeložila Kateřina Prešlová |
| 250 | . | ‡aVydání první | |
| 264 | 1. | ‡aPraha : ‡bPortál, ‡c2023 | |
| 300 | . | ‡a157 stran : ‡bilustrace ; ‡c23 cm | |
| 336 | . | ‡atext ‡btxt ‡2rdacontent | |
| 337 | . | ‡abez média ‡bn ‡2rdamedia | |
| 338 | . | ‡asvazek ‡bnc ‡2rdacarrier | |
| 504 | . | ‡aObsahuje bibliografii | |
| 650 | 0 | 7. | ‡avýchova dítěte ‡7ph127420 ‡2czenas |
| 650 | 0 | 7. | ‡avývoj dítěte ‡7ph127471 ‡2czenas |
| 650 | 0 | 7. | ‡apedagogická psychologie ‡7ph124012 ‡2czenas |
| 650 | 0 | 7. | ‡amateřské školy ‡7ph122683 ‡2czenas |
| 650 | 0 | 9. | ‡achild rearing ‡2eczenas |
| 650 | 0 | 9. | ‡achild development ‡2eczenas |
| 650 | 0 | 9. | ‡aeducational psychology ‡2eczenas |
| 650 | 0 | 9. | ‡akindergartens ‡2eczenas |
| 655 | 7. | ‡apopulárně-naučné publikace ‡7fd131864 ‡2czenas | |
| 655 | 9. | ‡apopular works ‡2eczenas | |
| 700 | 1 | . | ‡aPrešlová, Kateřina, ‡d1975- ‡7xx0204840 ‡4trl |
| 910 | . | ‡aABG312 | |
| 995 | . | ‡aska | |
| 901 | . | ‡a56563 ‡bAUTOGEN ‡c56563 ‡tbiblio | |